000 00492nam a2200181Ia 4500
008 090124s9999 xx 000 0 und d
082 _b18664
100 _aराजे शैलजा
245 _a प्रलय़
250 _a1
260 _bदिलीप प्रकाशन
_c1977
300 _a133
600 _aराजे शैलजा
630 _a प्रलय़
700 _aराजे शैलजा
730 _a प्रलय़
942 _cBOOK
999 _c89659
_d89659